[Event "Bad Woerishofen op 16th"]
[Site "Bad Woerishofen"]
[Date "2000.03.24"]
[Round "8"]
[White "Bretscher, Robert"]
[Black "Steinhard, Matthias"]
[Result "0-1"]
[WhiteElo "1625"]
[BlackElo "1800"]
[PlyCount "67"]
[EventDate "2000.03.??"]
[EventType "swiss"]
[EventRounds "9"]
[EventCountry "GER"]
[SourceTitle "CBM 075 Extra"]
[Source "ChessBase"]
[SourceDate "2000.05.11"]
[SourceVersion "2"]
[SourceVersionDate "2000.05.11"]
[SourceQuality "1"]

1. e4 e5 2. Bc4 Nf6 3. Nf3 Nc6 4. Nc3 Nxe4 5. Bxf7+ Kxf7 6. Nxe4 d5 7. Ng3 e4 8. Ng1 h5 9. Nxh5 Qh4 10. Ng3 Bc5 11. d3 exd3 12. Qxd3 Re8+ 13. N1e2 Be6 14. Bd2 Nd4 15. 0-0-0 Nxe2+ 16. Nxe2 Kg8 17. g3 Qa4 18. a3 Bxf2 19. Be3 Bxe3+ 20. Qxe3 Bg4 21. Qg5 Rxe2 22. Qxd5+ Be6 23. Qd3 Qe4 24. Qc3 Qe3+ 25. Kb1 Qxc3 26. bxc3 Bf5 27. Ka1 Rxc2 28. h3 Re8 29. g4 Be6 30. Rhe1 Rxc3 31. Rd2 Bf7 32. Red1 Rxa3+ 33. Kb2 Ra2+ 34. Kc1 0-1

[Event "Bad Woerishofen op 16th"]
[Site "Bad Woerishofen"]
[Date "2000.03.20"]
[Round "4"]
[White "Stiepan, Hans Michael"]
[Black "Steinhard, Matthias"]
[Result "1-0"]
[WhiteElo "1640"]
[BlackElo "1800"]
[PlyCount "119"]
[EventDate "2000.03.??"]
[EventType "swiss"]
[EventRounds "9"]
[EventCountry "GER"]
[SourceTitle "CBM 075 Extra"]
[Source "ChessBase"]
[SourceDate "2000.05.11"]
[SourceVersion "2"]
[SourceVersionDate "2000.05.11"]
[SourceQuality "1"]

1. d4 d5 2. c4 dxc4 3. Nf3 Nf6 4. e3 e6 5. Bxc4 c5 6. 0-0 a6 7. a4 Nc6 8. Nc3 Be7 9. dxc5 Qxd1 10. Rxd1 Bxc5 11. Bd2 0-0 12. Ne2 b6 13. Bc3 Be7 14. Ned4 Bb7 15. Rac1 Rac8 16. Nxe6 fxe6 17. Bxe6+ Kh8 18. Bxc8 Rxc8 19. h3 Kg8 20. Rd2 Nb4 21. Rcd1 Nbd5 22. Bxf6 Nxf6 23. Nd4 Ne4 24. Rc2 Rxc2 25. Nxc2 Bc6 26. b3 Nc5 27. Nd4 Be4 28. f3 Bg6 29. Nc6 Bf6 30. a5 bxa5 31. Nxa5 Nxb3 32. Nxb3 Bc2 33. Rd6 Bxb3 34. Rxa6 Bc4 35. Rc6 Bd5 36. Rc7 Be6 37. Kf2 Bh4+ 38. g3 Bd8 39. Rb7 Bf6 40. h4 Bd5 41. Rc7 h6 42. e4 Be6 43. Rb7 Bd4+ 44. Kg2 Kh7 45. g4 Bf6 46. Kg3 Bc8 47. Rb1 Be6 48. f4 Ba2 49. Rb7 Bc3 50. h5 Be1+ 51. Kf3 Bc4 52. Ke3 Ba6 53. Rb8 Bc4 54. e5 Bh4 55. Ke4 Be7 56. Rb7 Bh4 57. f5 Bf1 58. Rc7 Be2 59. f6 Kh8 60. f7 1-0

[Event "Bad Woerishofen op 16th"]
[Site "Bad Woerishofen"]
[Date "2000.03.19"]
[Round "3"]
[White "Steinhard, Matthias"]
[Black "Mossekel, Manfred"]
[Result "1/2-1/2"]
[WhiteElo "1800"]
[BlackElo "1655"]
[PlyCount "52"]
[EventDate "2000.03.??"]
[EventType "swiss"]
[EventRounds "9"]
[EventCountry "GER"]
[SourceTitle "CBM 075 Extra"]
[Source "ChessBase"]
[SourceDate "2000.05.11"]
[SourceVersion "2"]
[SourceVersionDate "2000.05.11"]
[SourceQuality "1"]

1. e4 c5 2. Nf3 a6 3. d4 cxd4 4. Nxd4 Nf6 5. Nc3 e5 6. Nf3 Bb4 7. Bc4 0-0 8. Qd3 Qc7 9. 0-0 h6 10. Nd5 Nxd5 11. Bxd5 Be7 12. Be3 d6 13. Nd2 Nc6 14. c3 Kh8 15. Nc4 f5 16. f3 f4 17. Bf2 Rb8 18. Rad1 b5 19. Bxc6 bxc4 20. Qxc4 Bd7 21. Bd5 Qxc4 22. Bxc4 Rxb2 23. Bxa6 Rxa2 24. Bc4 Rc2 25. Be1 Rb8 26. Bd3 Ra2 1/2-1/2

[Event "Bad Woerishofen op 16th"]
[Site "Bad Woerishofen"]
[Date "2000.03.18"]
[Round "2"]
[White "Dubois, Martine"]
[Black "Steinhard, Matthias"]
[Result "1-0"]
[WhiteElo "2091"]
[BlackElo "1800"]
[PlyCount "99"]
[EventDate "2000.03.??"]
[EventType "swiss"]
[EventRounds "9"]
[EventCountry "GER"]
[SourceTitle "CBM 075 Extra"]
[Source "ChessBase"]
[SourceDate "2000.05.11"]
[SourceVersion "2"]
[SourceVersionDate "2000.05.11"]
[SourceQuality "1"]

1. e4 e5 2. Nf3 Nc6 3. Nc3 Nf6 4. g3 Bb4 5. Bg2 d6 6. 0-0 0-0 7. d3 h6 8. Nd5 Bc5 9. c3 Nxd5 10. exd5 Ne7 11. d4 exd4 12. Nxd4 Bd7 13. b4 Bb6 14. Bb2 a5 15. a3 axb4 16. cxb4 Ng6 17. a4 Qg5 18. a5 Ba7 19. Rc1 Rac8 20. Re1 Rfe8 21. Rxe8+ Bxe8 22. Bh3 Rb8 23. Rxc7 Qxd5 24. Bg2 Qa2 25. Qd2 Qb1+ 26. Rc1 Qa2 27. Qc3 Ne5 28. Nf5 Qe6 29. Nxd6 Qxd6 30. Qxe5 Qxe5 31. Bxe5 Rd8 32. Bxb7 f6 33. Bb2 Rd2 34. Bc3 Rxf2 35. Kh1 Bd7 36. Bd5+ Kh7 37. Be4+ Kh8 38. b5 Ra2 39. Bb4 Rb2 40. Rc7 Rxb4 41. Rxd7 Rxe4 42. Rxa7 Re1+ 43. Kg2 Re2+ 44. Kg1 Re1+ 45. Kf2 Rb1 46. b6 Rb2+ 47. Kf3 Kh7 48. b7 Rb3+ 49. Ke4 Rb4+ 50. Kd5 1-0